Nejčastější příjmení v České republice - Statistics

General Stats
  • This quiz has been taken 1 023 times
  • The average score is 24 of 100
Answer Stats
# Příjmení % Correct
2 N Novák
99%
1 N Nováková
99%
5 N Novotná
77%
6 N Novotný
77%
4 S Svoboda
62%
3 S Svobodová
62%
9 Č Černá
60%
10 Č Černý
60%
8 D Dvořák
56%
7 D Dvořáková
56%
88 Č Čech
39%
77 Č Čechová
39%
78 M Malá
36%
83 M Malý
36%
67 K Kovář
34%
12 P Procházka
32%
11 P Procházková
32%
19 H Horák
31%
17 H Horáková
31%
20 N Němcová
29%
22 N Němec
29%
39 F Fiala
27%
37 F Fialová
27%
32 K Král
26%
29 K Králová
26%
15 V Veselá
26%
16 V Veselý
26%
72 P Polák
25%
66 P Poláková
25%
46 K Kolářová
24%
14 K Kučera
24%
13 K Kučerová
24%
48 K Kolář
23%
23 P Pokorná
23%
27 P Pokorný
23%
45 Z Zeman
23%
42 Z Zemanová
23%
25 M Marek
21%
21 M Marková
21%
38 B Beneš
20%
34 B Benešová
20%
51 Č Čermák
20%
49 Č Čermáková
20%
84 Š Šťastná
20%
96 Š Šťastný
20%
44 D Doležal
19%
41 D Doležalová
19%
68 K Kratochvíl
18%
54 K Kratochvílová
18%
43 S Sedláček
18%
97 S Sýkorová
17%
18 K Krejčí
16%
26 P Pospíšil
16%
24 P Pospíšilová
16%
92 D Dostál
15%
86 D Dostálová
15%
31 H Hájek
15%
28 H Hájková
15%
35 J Jelínek
15%
30 J Jelínková
15%
99 M Moravcová
15%
36 R Růžička
15%
33 R Růžičková
15%
56 U Urban
15%
53 U Urbanová
15%
70 B Bartoš
14%
64 B Bartošová
14%
50 N Navrátil
14%
47 N Navrátilová
14%
75 Š Šimek
14%
57 Š Šimková
14%
95 S Soukup
14%
93 S Soukupová
14%
55 V Vaněk
14%
52 V Vaňková
14%
61 B Blažek
13%
58 B Blažková
13%
87 H Holub
12%
82 H Holubová
12%
69 K Konečná
12%
81 K Konečný
12%
60 K Kopecká
12%
74 K Kopecký
12%
91 K Kadlec
11%
85 K Kadlecová
11%
62 K Kříž
11%
59 K Křížová
11%
90 S Staněk
11%
79 S Staňková
11%
63 K Kovářová
9%
100 M Mareš
9%
94 M Marešová
9%
73 M Musil
9%
76 M Musilová
9%
40 S Sedláčková
9%
89 Š Štěpánek
8%
80 Š Štěpánková
8%
98 V Valentová
8%
71 V Vlček
7%
65 V Vlčková
7%
No matching quizzes found
Score Distribution
Percent of People with Each Score
Percentile by Number Answered
Your Score History
You have not taken this quiz